000 004240000a22001690004500
041 0 _aENG
082 0 4 _aG 253 O118c
100 1 _aOates, Wayne E. (compilador)
245 1 0 _aThe christian pastor / Wayne E. Oates
260 _aPA., USA : Westminster
300 _a258 Pag
001 6310
942 _cBK
999 _c36583
_d36583
336 _atexto
_btxt
_2rdacontent
337 _2rdamedia
_asin mediación
_bn
338 _2rdacarrier
_avolumen
_bnc